Cyclisme - Les surnoms des coureurs cyclistes - Statistiques

Statistiques générales
  • Ce quiz a été pris 43 fois
  • Le résultat moyen est 7 sur 38
Statistiques - réponses
Hint Réponse % Correct
Tadej Pogačar Pogi
74%
Bryan Coquard Le Coq
53%
Joaquim Rodríguez Purito
47%
Mark Cavendish Cav
45%
Biniam Girmay Bini
42%
Rémi Cavagna Le TGV de Clermont-Ferrand
37%
Vincenzo Nibali Le Requin de Messine
34%
Christopher Froome Froomey
32%
Miguel Angel López Superman
32%
Remco Evenepoel Remco
29%
Thibaut Pinot Tibo
26%
Jonas Vingegaard Vinge
26%
Mathieu van der Poel MVDP
24%
Wout van Aert WVA
24%
Michael Matthews Bling
21%
Bradley Wiggins Wiggo
18%
Fabien Cancellara Spartacus
16%
Benoit Cosnefroy Bebe
13%
Adrien Petit Le Bison d'Arras
13%
André Greipel Gorilla
11%
Tom Dumoulin Le Papillon de Maastricht
11%
Alexis Vuillermoz Pikachu
11%
Romain Bardet Rominou
11%
Mikel Landa Landismo
8%
Steve Kruijswijk Le Cintre
8%
David Gaudu Le Petit Prince de Bretagne
8%
Alberto Contador El Pistorelo
5%
Jasper Philipsen Jasper The Master
5%
Philippe Gilbert Le Sanglier des Ardennes
5%
Valentin Madouas 4x4
3%
Alejandro Valverde El Imbatido
3%
Egan Bernal L'Aigle de Zapaquira
3%
Joao Almeida La Panthère
3%
Richard Carapaz Le Jaguar
3%
Peter Sagan Rambo
3%
Michael Woods Rusty
3%
Tom Boonen Tornado Tom
3%
Nairo Quintana Le Scarabé
0%
Aucun quiz correspondant
Distribution des résultats
% des personnes avec chaque résultat
Percentile par nombre de réponses
Votre historique - résultats
Vous n’avez pas pris ce quiz